03533nam a2200313 a 4500003000400000005001700004007001500021008004100036040000800077100003500085245037700120264004300497300006000540336002700600337002900627338003900656502003300695504005900728520198300787650005102770650004302821650003502864700005502899700005402954700003603008700004803044700004503092856008203137OSt20250707092450.0cr ||||||a|a|a250623s2025 mx a|||fom||| 001 0 spa d erda1 aGarcía Cortés, José Hugo10aFertilización con microelementos en la calidad de las brácteas de la nochebuena Euphorbia Pulcherrima variedad Prestige Red/cpor José Hugo García Cortés; director de tesis Humberto Villegas Rodríguez; secretario María Teresa Beryl Colinas León; vocal Diana Guerra Ramírez; suplente Marcelino Aurelio Pérez Vivar; suplente Domingo Montalvo Hernández. 1aChapingo, México :bEl autor,c2024. a1 recurso en línea (93 páginas):bcuadros, figuras. 2rdacontentatextobtxt 2rdamediaacomputadorabc 2rdacarrierarecurso en líneabcr bIAEFcFitotecniad2024.gLIC aIncluye referencias bibliográficas: páginas 73-84. aEn la zona del centro de México se cultiva la nochebuena Euphorbia pulcherrima que aporta miles de empleos y genera derrama económica en el Estado de México, Morelos y Puebla que son los principales productores. La problemática que enfrentan los productores de esta zona es la fragilidad de los tallos y las brácteas de la nochebuena que se desprenden con facilidad. Con la finalidad de apoyar en la solución de esta limitante, se realizó un estudio sobre la fertilización con microelementos como Fe, Zn, Cu, B, Mo y Mn y como pueden estos micronutrientes mejorar las brácteas de la nochebuena de la variedad Prestige red, brindando una mayor calidad. Para esta prueba se usó un diseño experimental completamente al azar DCA en el que se establecieron 4 tratamientos con 6 repeticiones cada uno, con un total de 24 unidades experimentales, en las que se aplicaron 3 concentraciones distintas de molibdato de sodio 10, 100 y 200 mg/ L de agua y un testigo con una solución nutritiva específica, también 3 concentraciones distintas de fertilizante con microelementos quelados 1, 2 y 3 g/ L de agua y un testigo con una solución nutritiva especifica. La primera semana se aplicó molibdato de sodio y la segunda el fertilizante quelado, y así sucesivamente durante 6 semanas. Los tratamientos con molibdato de sodio no presentaron cambios significativos en las variables del crecimiento observadas, pero si se notaron diferencias de turgencia en los tallos y de pigmentación en las brácteas. El fertilizante con microelementos quelados presento diferencias significativas para las variables de materia seca, cenizas, extracto etéreo, proteína y fibra crudas, pero no demostró cambios significativos en los ensayos de contenido fenólico total y capacidad antioxidante mediante el método FRAP y ABTS. Los tratamientos con fertilizante con microelementos quelados aumentan el contenido de antocianinas en las brácteas de la nochebuena. 4aFertilizantesxEfecto en Euphorbia pulcherrima 4aEuphorbia pulcherrimaxMicronutrientes 4aEuphorbia pulcherrimaxCalidad1 aVillegas Rodríguez, Humbertoedirector de tesis.1 aColinas León, María Teresa Berylesecretario.1 aGuerra Ramírez, Dianaevocal.1 aPérez Vivar, Marcelino Aurelioesuplente.1 aMontalvo Hernández, Domingoesuplente. uhttp://10.13.5.2/tesis/tl/1710812-6_GARCIA_CORTES_JOSEHUGO.pdfzDESCARGAR PDF